<?xml version="1.0" encoding="UTF-8"?>
<record
    xmlns:xsi="http://www.w3.org/2001/XMLSchema-instance"
    xsi:schemaLocation="http://www.loc.gov/MARC21/slim http://www.loc.gov/standards/marcxml/schema/MARC21slim.xsd"
    xmlns="http://www.loc.gov/MARC21/slim">

  <leader>00444    a2200109   4500</leader>
  <controlfield tag="001">ART_61444</controlfield>
  <controlfield tag="005">20260410162017.0</controlfield>
  <controlfield tag="008">260409a                                 </controlfield>
  <datafield tag="245" ind1="1" ind2="0">
    <subfield code="a">Una aproximaci&#xF3;n a la reforma del procedimiento administrativo</subfield>
  </datafield>
  <datafield tag="100" ind1="1" ind2=" ">
    <subfield code="a">Balb&#xED;n, Carlos Francisco</subfield>
  </datafield>
  <datafield tag="773" ind1="0" ind2=" ">
    <subfield code="t">Temas de derecho administrativo</subfield>
    <subfield code="g">Edici&#xF3;n especial: Ley bases y la reforma del procedimiento administrativo - A&#xF1;o 9, N&#xB0; 10 (oct. 2024)</subfield>
    <subfield code="w">REV40468</subfield>
  </datafield>
  <datafield tag="999" ind1=" " ind2=" ">
    <subfield code="c">32733</subfield>
    <subfield code="d">32733</subfield>
  </datafield>
</record>
